[Event "WYCC 2018 O16"]
[Site "Halkidiki"]
[Date "2018.10.24"]
[Round "6"]
[White "Thilakarathne, G M H"]
[Black "Engel, Luis"]
[Result "1/2-1/2"]
[WhiteElo "2268"]
[BlackElo "2441"]
[Annotator "TA"]
[PlyCount "84"]
[EventDate "2018.10.20"]
[EventType "swiss"]
[EventCountry "GRE"]
[SourceTitle "playchess.com"]
[Source "ChessBase"]
[SourceQuality "1"]

{[%evp 23,84,14,17,11,16,0,0,0,10,-8,-5,-7,0,-2,0,0,0,0,0,0,5,0,0,0,0,0,0,0,0,-18,-18,-12,-11,-12,-12,-28,-28,-31,-35,-27,-36,-36,-13,-16,-26,-46,-21,-9,-9,-20,0,0,0,0,0,0,0,0,0,0,0,0,0]} 1. e4 e5 2. Nf3 Nc6 3. Nc3 Nf6 4. d4 exd4 5. Nxd4 Bb4 6. Nxc6 bxc6 7. Bd3 d5 8. exd5 O-O {C47: Scotch Four Knights and Four Knights with 4 g3} 9. O-O Bg4 10. f3 Bh5 11. dxc6 Qd4+ 12. Kh1 Bxc3 {LiveBook: 3 Games} 13. bxc3 Qxc3 14. Rb1 Bg6 15. Bb2 Qxc6 16. Bxf6 Qxf6 17. Bxg6 hxg6 {[#]} 18. Qd7 $146 Qc3 19. Qd3 Qa5 20. Qc4 Rab8 21. h3 g5 22. Rfd1 Rxb1 23. Rxb1 $11 {[%mdl 4096] Endgame KQR-KQR} Rd8 24. a4 Qe5 25. Qb4 g6 26. Qe1 (26. Re1 {seems wilder.} Qg3 27. Qa5 Rd4 28. Ra1 Qf2 29. c3) 26... Qxe1+ 27. Rxe1 {KR-KR} Rd5 28. Re8+ Kg7 29. Ra8 Ra5 30. Rc8 Rc5 31. Ra8 a5 32. Ra6 c6 33. Ra7 Kf6 34. Kh2 Ke6 35. Kg3 {The position is equal.} f5 36. c3 Re5 37. Rg7 Kf6 38. Ra7 Rc5 39. Ra8 Rxc3 40. Rxa5 Rc2 41. Ra8 f4+ 42. Kh2 Ra2 {Precision: White = 81%, Black = 62%.} 1/2-1/2

[Event "WYCC 2018 O16"]
[Site "Halkidiki"]
[Date "2018.10.24"]
[Round "6"]
[White "Mukhutdinov, Tigran"]
[Black "Szpar, Milosz"]
[Result "1/2-1/2"]
[WhiteElo "2256"]
[BlackElo "2328"]
[Annotator "NA"]
[PlyCount "85"]
[EventDate "2018.10.20"]
[EventType "swiss"]
[EventCountry "GRE"]
[SourceTitle "playchess.com"]
[Source "ChessBase"]
[SourceQuality "1"]
[TimeControl "40/5400+30:1800+30"]

1. e4 {[%emt 0:00:00] Bangiev,A} c5 {[%emt 0:00:00]} 2. Nc3 {[%emt 0:00:06]} Nc6 {[%emt 0:00:00]} 3. Bb5 {[%emt 0:00:26]} Nd4 {[%emt 0:00:06]} 4. Bc4 {[%emt 0:00:28]} e6 {[%emt 0:00:25]} 5. Nge2 {[%emt 0:00:29]} Nf6 {[%emt 0:01:20]} 6. O-O {[%emt 0:00:47] B23: Sizilianisch (Geschlossenes System)} a6 {[%emt 0:08:39]} 7. a4 {[%emt 0:00:55]} d5 {[%emt 0:05:05]} 8. exd5 {[%emt 0:01:01]} exd5 {[%emt 0:00:35]} 9. Ba2 {[%emt 0:00:43]} Bd6 {[%emt 0:09:32]} 10. d3 {[%emt 0:03:51]} Bg4 {[%emt 0:02:48]} 11. f3 {[%emt 0:02:51]} Be6 {[%emt 0:02:04]} 12. Nxd4 {[%emt 0:05:28]} cxd4 {[%emt 0:00:51]} 13. Ne2 {[%emt 0:00:36]} Qc7 $146 {[%emt 0:06:04]} ({Vorgänger:} 13... Qb6) 14. h3 {[%emt 0:06:27]} O-O {[%emt 0:01:58]} 15. f4 {[%emt 0:09:08]} Rfe8 {[%emt 0:02:24]} 16. Bb3 {[%emt 0:02:12]} Qb6 {[%emt 0:08:37]} 17. Bd2 {[%emt 0:07:11]} Re7 {[%emt 0:01:13]} 18. a5 {[%emt 0:02:04]} Qa7 {[%emt 0:01:46]} 19. f5 {[%emt 0:06:59]} Bd7 {[%emt 0:00:25]} 20. Bg5 {[%emt 0:04:43]} Rae8 {[%emt 0:02:12]} 21. Nf4 {[%emt 0:01:25]} Bxf4 $16 {[%emt 0:02:07]} 22. Rxf4 {[%emt 0:07:11]} Qb8 {[%emt 0:00:13]} 23. Qf1 {[%emt 0:03:34]} Nh5 {[%emt 0:05:21]} 24. Rf2 {[%emt 0:04:16]} Re5 {[%emt 0:13:34]} 25. Bf4 {[%emt 0:03:24]} Nxf4 {[%emt 0:02:36]} 26. Rxf4 {[%emt 0:00:05]} Bc6 {[%emt 0:03:28]} 27. Qf2 {[%emt 0:04:50]} Re2 {[%emt 0:02:52]} 28. Qxd4 {[%emt 0:01:20]} R8e4 {[%emt 0:00:59]} 29. Rxe4 {[%emt 0:04:59]} dxe4 {[%emt 0:00:09]} 30. dxe4 {[%emt 0:01:55]} Rxe4 {[%emt 0:05:16]} 31. Qd2 {[%emt 0:01:36]} Qe5 {[%emt 0:11:08]} 32. Qd8+ {[%emt 0:01:05]} Be8 {[%emt 0:00:04]} 33. Qd5 {[%emt 0:00:25]} Qe7 {[%emt 0:00:57]} 34. f6 {[%emt 0:02:22]} gxf6 {[%emt 0:00:27]} 35. Rf1 {[%emt 0:00:44]} Re5 {[%emt 0:01:13]} 36. Qf3 {[%emt 0:02:04]} Kg7 {[%emt 0:00:28]} 37. h4 {[%emt 0:02:36]} Bc6 {[%emt 0:00:30]} 38. Qg3+ {[%emt 0:00:16]} Kf8 {[%emt 0:00:32]} 39. Qf4 {[%emt 0:00:39]} Re2 {[%emt 0:00:50]} 40. Qb8+ {[%emt 0:00:00]} Kg7 {[%emt 0:00:00]} 41. Qg3+ {[%emt 0:02:41]} Kf8 {[%emt 0:00:54]} 42. Qb8+ {[%emt 0:00:20]} Kg7 {[%emt 0:01:19]} 43. Qg3+ {[%emt 0:00:13]} 1/2-1/2

[Event "WYCC 2018 O16"]
[Site "Halkidiki"]
[Date "2018.10.24"]
[Round "6"]
[White "Quirhuayo Chumbe, German Gonzalo"]
[Black "Mis, Mieszko"]
[Result "1-0"]
[WhiteElo "2220"]
[BlackElo "2307"]
[Annotator "NA"]
[PlyCount "63"]
[EventDate "2018.10.20"]
[EventType "swiss"]
[EventCountry "GRE"]
[SourceTitle "playchess.com"]
[Source "ChessBase"]
[SourceQuality "1"]
[TimeControl "40/5400+30:1800+30"]

1. e4 {[%emt 0:00:00]} d6 {[%emt 0:00:00]} 2. d4 {[%emt 0:00:00]} Nf6 {[%emt 0:00:00]} 3. Nc3 {[%emt 0:00:00]} g6 {[%emt 0:00:00]} 4. f3 {[%emt 0:00:16]} c6 {[%emt 0:04:29]} 5. Be3 {[%emt 0:00:38]} Nbd7 {[%emt 0:04:50]} 6. Qd2 {[%emt 0:01:42]} b5 {[%emt 0:02:37]} 7. h4 {[%emt 0:02:59]} Nb6 {[%emt 0:07:32] LiveBook: 20 Games} 8. g4 {[%emt 0:04:36]} h5 {[%emt 0:00:28]} 9. g5 {[%emt 0:00:24]} Nfd7 {[%emt 0:00:21]} 10. f4 {[%emt 0:13:55]} d5 {[%emt 0:21:12]} 11. f5 {[%emt 0:27:36]} b4 {[%emt 0:01:26]} 12. Nd1 {[%emt 0:01:16]} dxe4 {[%emt 0:01:05]} 13. fxg6 {[%emt 0:00:08]} fxg6 {[%emt 0:00:21]} 14. Bg2 $11 {[%emt 0:02:32]} Qc7 {[%emt 0:20:55]} 15. Bxe4 {[%emt 0:01:29]} Qg3+ {[%emt 0:11:04]} 16. Bf2 {[%emt 0:03:59]} Qd6 {[%emt 0:00:42]} 17. Qd3 {[%emt 0:01:07]} Rg8 {[%emt 0:01:28]} 18. Ne2 {[%emt 0:01:31]} Bb7 {[%emt 0:09:49]} 19. Ne3 {[%emt 0:02:46]} O-O-O {[%emt 0:01:44]} 20. Bg3 {[%emt 0:08:30]} e5 {[%emt 0:00:23]} 21. O-O-O {[%emt 0:00:07]} Be7 {[%emt 0:01:11]} 22. Qb3 {[%emt 0:01:00]} Qc7 {[%emt 0:03:58]} 23. Qe6 {[%emt 0:01:23]} Bd6 {[%emt 0:00:12]} 24. Bxg6 {[%emt 0:01:32]} Ba6 {[%emt 0:02:04]} 25. Rhe1 {[%emt 0:03:14]} Kb8 {[%emt 0:03:37]} 26. Nf5 {[%emt 0:00:46]} Nf8 {[%emt 0:01:05]} 27. Qxg8 {[%emt 0:00:33]} Bc4 {[%emt 0:00:00]} 28. Qg7 {[%emt 0:00:18]} Qxg7 {[%emt 0:00:16]} 29. Nxg7 {[%emt 0:00:06]} Nxg6 {[%emt 0:00:04]} 30. dxe5 {[%emt 0:00:08]} Bc7 {[%emt 0:01:27]} 31. Rxd8+ {[%emt 0:00:08]} Bxd8 {[%emt 0:00:01]} 32. Nf4 {[%emt 0:00:33]} 1-0

[Event "WYCC 2018 O16"]
[Site "Halkidiki"]
[Date "2018.10.24"]
[Round "6"]
[White "Sargsyan, Tigran R."]
[Black "Teclaf, Pawel"]
[Result "1/2-1/2"]
[WhiteElo "2218"]
[BlackElo "2384"]
[Annotator "NA"]
[PlyCount "88"]
[EventDate "2018.10.20"]
[EventType "swiss"]
[EventCountry "GRE"]
[SourceTitle "playchess.com"]
[Source "ChessBase"]
[SourceQuality "1"]
[TimeControl "40/5400+30:1800+30"]

1. d4 {[%emt 0:00:00]} Nf6 {[%emt 0:00:00]} 2. c4 {[%emt 0:00:00]} g6 {[%emt 0:00:00]} 3. g3 {[%emt 0:00:16]} Bg7 {[%emt 0:01:54]} 4. Bg2 {[%emt 0:00:08]} d5 {[%emt 0:00:06]} 5. cxd5 {[%emt 0:00:08]} Nxd5 {[%emt 0:00:07]} 6. Nf3 {[%emt 0:00:17]} Nb6 {[%emt 0:00:36]} 7. Nc3 {[%emt 0:00:35]} O-O {[%emt 0:01:06]} 8. O-O {[%emt 0:00:17]} Nc6 {[%emt 0:01:11]} 9. e3 {[%emt 0:00:21]} Re8 {[%emt 0:00:49]} 10. h3 {[%emt 0:00:46]} a5 {[%emt 0:20:21] D76: Fianchetto Grünfeld: Main Line with 7...Nb6} 11. d5 {[%emt 0:01:08]} Nb4 {[%emt 0:04:14]} 12. e4 {[%emt 0:00:30]} c6 {[%emt 0:02:11]} 13. a3 {[%emt 0:01:28] LiveBook: 19 Games} Na6 {[%emt 0:01:26]} 14. dxc6 {[%emt 0:00:27]} bxc6 {[%emt 0:06:15]} 15. Qc2 {[%emt 0:02:22]} Qc7 {[%emt 0:04:06]} 16. Rd1 {[%emt 0:18:17]} h6 $146 {[%emt 0:06:43]} ({Predecessor:} 16... e5 17. b3 Nc5 18. Be3 {1-0 (58) Mchedlishvili,M (2645)-Babujian,L (2488) Mumbai 2013}) 17. Rb1 {[%emt 0:14:09]} Rb8 {[%emt 0:11:22]} 18. b3 {[%emt 0:02:50]} e5 {[%emt 0:04:38]} 19. Be3 {[%emt 0:04:15]} Be6 {[%emt 0:04:00]} 20. Nd2 {[%emt 0:17:51]} Qc8 {[%emt 0:09:27]} 21. Kh2 {[%emt 0:01:08]} Bf8 {[%emt 0:01:23]} 22. Ra1 {[%emt 0:18:03]} Nc5 {[%emt 0:01:32]} 23. f4 {[%emt 0:00:48]} exf4 {[%emt 0:01:49]} 24. Bxf4 {[%emt 0:02:22]} Rb7 {[%emt 0:01:11]} 25. e5 {[%emt 0:01:57]} (25. Rab1 $15) 25... Bf5 {[%emt 0:01:42]} 26. Nde4 {[%emt 0:01:36]} Nxe4 {[%emt 0:01:25]} 27. Nxe4 {[%emt 0:01:32]} Nd5 {[%emt 0:01:26]} 28. Qc4 {[%emt 0:06:29]} Qe6 {[%emt 0:01:16]} 29. Rxd5 {[%emt 0:01:04]} cxd5 {[%emt 0:00:09]} 30. Nf6+ {[%emt 0:00:39]} Qxf6 {[%emt 0:00:03]} 31. Qxd5 {[%emt 0:00:30]} Qe7 {[%emt 0:03:18]} 32. Qxb7 {[%emt 0:00:04]} Qxb7 {[%emt 0:01:50]} 33. Bxb7 {[%emt 0:00:02]} Be6 {[%emt 0:00:39]} 34. b4 {[%emt 0:02:46]} Rb8 {[%emt 0:02:13]} 35. Bg2 {[%emt 0:00:13]} axb4 {[%emt 0:00:08]} 36. axb4 {[%emt 0:00:06]} Rxb4 {[%emt 0:00:56]} 37. h4 {[%emt 0:01:30]} Kg7 {[%emt 0:01:05]} 38. Re1 {[%emt 0:01:01]} Be7 {[%emt 0:02:06]} 39. Bc1 {[%emt 0:00:55]} Rc4 {[%emt 0:00:46]} 40. Be3 {[%emt 0:00:00]} Bb4 $11 {[%emt 0:00:00]} 41. Rc1 {[%emt 0:05:25]} Rxc1 {[%emt 0:04:31]} 42. Bxc1 {[%emt 0:00:25]} Bc3 {[%emt 0:01:11]} 43. Bf4 {[%emt 0:00:05]} h5 {[%emt 0:06:05]} 44. Bc6 {[%emt 0:00:15]} f6 {[%emt 0:00:55]} 1/2-1/2

[Event "WYCC 2018 O16"]
[Site "Halkidiki"]
[Date "2018.10.24"]
[Round "6"]
[White "Ongut, Tamas Gunes"]
[Black "Horvath, Dominik"]
[Result "1/2-1/2"]
[WhiteElo "2185"]
[BlackElo "2447"]
[Annotator "TA"]
[PlyCount "79"]
[EventDate "2018.10.20"]
[EventType "swiss"]
[EventCountry "GRE"]
[SourceTitle "playchess.com"]
[Source "ChessBase"]
[SourceQuality "1"]

{[%evp 27,79,29,39,27,27,25,27,33,27,24,33,18,10,-37,-29,-50,-42,-99,-85,-86,-42,-93,-16,-150,-119,-176,-65,-72,-24,-162,99,60,0,-66,-70,-64,0,0,23,2,503,506,29987,29988,29988,0,1135,0,985,0,1160,1152,920,0]} 1. e4 e5 2. Nf3 Nc6 3. Bb5 a6 4. Ba4 Nf6 5. O-O Be7 6. Re1 b5 7. Bb3 d6 8. c3 O-O 9. h3 Nd7 10. d4 {C92: Closed Ruy Lopez: 9...Be6, Karpov and Flohr-Zaitsev Variations} (10. d3 Nb6 11. Be3 Bf6 12. Nbd2 g6 13. Nf1 Bg7 14. d4 Rb8 15. Ng3 a5 16. Bc2 Nc4 17. Bc1 exd4 18. cxd4 {1-0 (39) Vachier Lagrave,M (2794)-Olszewski,M (2551) Germany 2018}) 10... Re8 11. Nbd2 {[%cal Bb1d2,Bd2f1,Bf1g3][%mdl 32]} exd4 12. cxd4 Bf6 13. Nf1 Na5 14. Bc2 Bb7 {LiveBook: 209 Games} 15. Ng3 g6 $1 {[#]} 16. Rb1 $146 ({Predecessor:} 16. Bf4 c5 17. b3 Nc6 18. Be3 Rc8 19. Rc1 cxd4 20. Nxd4 Nxd4 21. Bxd4 {0-1 (84) Pruijssers,R (2503)-Van den Doel,E (2565) Netherlands 2015}) 16... c5 17. d5 Nc4 18. b3 Ncb6 19. Bh6 a5 20. Rf1 Ba6 21. Nh2 b4 $36 {[%mdl 2048] Black has the initiative.} 22. Bd3 ({White should try} 22. Re1 $15) 22... c4 $17 23. bxc4 Nc5 24. Ng4 (24. Rc1 $15) 24... Bh8 (24... Bxc4 25. Bxc4 Nxc4 26. Qf3 $11) (24... Nxd3 $17 25. Qxd3 Bxc4) 25. f4 (25. Rc1 $11 {keeps the balance.}) 25... Nxd3 ({Worse is} 25... Bxc4 26. Bg5 $16) 26. Qxd3 (26. Bg5 $17 {might work better.} Qc8 27. Qxd3 Bxc4 28. Nh6+ Kf8 29. Qf3) 26... Nxc4 (26... Bxc4 $19 27. Qf3 Bxf1 28. Rxf1 Nc4) 27. Bg5 $15 Qb6+ 28. Kh1 (28. Kh2 $11 {and White has nothing to worry.}) 28... f5 $2 (28... Bg7 $19 {Hoping for ...f5!} 29. Rfc1 Ne5) 29. Nh6+ $16 ({Avoid the trap} 29. exf5 $2 Ne3 $19) 29... Kf8 {Strongly threatening ...Ne3.} 30. Nhxf5 (30. Ngxf5 $1 $11 gxf5 31. Qg3) 30... gxf5 $15 31. Qf3 $1 Bg7 (31... fxe4 $1 $15 32. Bh6+ Bg7) 32. Qh5 $11 Kg8 {And now ...Nd2 would win.} 33. Nxf5 Nd2 $2 {[%mdl 8192]} (33... Qb7 $11 {and Black is okay.}) 34. Bh6 $18 Bh8 (34... Bxh6 $18 35. Qxh6 (35. Nxh6+ Kh8 $11) 35... Qa7) 35. Qg5+ Kf7 {[#]} 36. Qh5+ (36. Bg7 $142 $1 {[%mdl 512]} Rxe4 37. Bxh8 Nxf1 {[#]} 38. Be5 $1 {[%mdl 512]} Ng3+ 39. Qxg3 Ra7 40. Qg7+ Ke8 41. Qg8+ Kd7 42. Qe6+ Kd8 43. Nxd6 Rxe5 44. Nf7+ Rxf7 45. Qxb6+ Ke8 46. Qb8+ Ke7 47. Qxe5+ Kd8 48. Rc1) 36... Kg8 37. Qg5+ Kf7 38. Qh5+ Kg8 39. Qg4+ Kf7 40. Qh5+ $2 {Precision: White = 38%, Black = 26%.} ({Better is} 40. Bg5 $18 Kf8 41. Bh6+ Kf7 42. Qh5+) 1/2-1/2

[Event "WYCC 2018 O16"]
[Site "Halkidiki"]
[Date "2018.10.24"]
[Round "6"]
[White "Beukes, Dante M"]
[Black "Shubin, Kirill"]
[Result "0-1"]
[WhiteElo "2155"]
[BlackElo "2369"]
[Annotator "NA"]
[PlyCount "96"]
[EventDate "2018.10.20"]
[EventType "swiss"]
[EventCountry "GRE"]
[SourceTitle "playchess.com"]
[Source "ChessBase"]
[SourceQuality "1"]
[TimeControl "40/5400+30:1800+30"]

1. e4 {[%emt 0:00:00]} e6 {[%emt 0:00:00]} 2. d4 {[%emt 0:00:00]} d5 {[%emt 0:00:00]} 3. e5 {[%emt 0:00:00]} c5 {[%emt 0:00:00]} 4. c3 {[%emt 0:00:00]} Ne7 {[%emt 0:00:00]} 5. Nf3 {[%emt 0:00:00]} Nec6 {[%emt 0:00:00]} 6. Bd3 {[%emt 0:00:02]} Nd7 {[%emt 0:00:00] LiveBook: 53 Games} 7. O-O {[%emt 0:00:27]} Be7 {[%emt 0:00:24] C02: French: Advance Variation} 8. Re1 {[%emt 0:00:06]} (8. a3 a5 9. a4 O-O 10. Na3 cxd4 11. cxd4 Nb4 12. Bb1 b6 13. Nb5 Ba6 14. Re1 Re8 15. Ra3 Nf8 16. Rc3 {1-0 (69) Idani,P (2576)-Mosadeghpour,M (2444) Teheran 2017}) 8... a6 {[%emt 0:01:56]} 9. Be3 {[%emt 0:00:15]} b5 $146 {[%emt 0:00:40]} ({Predecessor:} 9... c4 10. Bc2 b5 11. Nbd2 Nb6 12. Nf1 b4 13. Qd2 bxc3 14. bxc3 Na5 15. Bg5 {1-0 (35) Krueger,N (2015)-Bock,J (2200) Goch 1995}) 10. Nbd2 {[%emt 0:00:10]} b4 {[%emt 0:03:39]} 11. Nf1 {[%emt 0:03:07]} bxc3 {[%emt 0:12:20]} 12. bxc3 {[%emt 0:00:23]} cxd4 {[%emt 0:00:10]} 13. cxd4 {[%emt 0:00:37]} Nb6 {[%emt 0:00:49]} 14. N3d2 {[%emt 0:05:06]} Nb4 {[%emt 0:02:32]} 15. Bb1 {[%emt 0:04:58]} Bd7 {[%emt 0:06:56]} 16. Qg4 {[%emt 0:05:11]} g6 {[%emt 0:05:04]} 17. Bh6 {[%emt 0:05:07]} Bf8 {[%emt 0:02:31]} 18. Qh3 {[%emt 0:03:33]} Qe7 {[%emt 0:01:16]} 19. Nf3 {[%emt 0:05:37]} Bxh6 {[%emt 0:01:10]} 20. Qxh6 {[%emt 0:00:07]} Qf8 {[%emt 0:00:19]} 21. Qf4 {[%emt 0:08:55]} Bb5 {[%emt 0:01:19]} 22. Ne3 {[%emt 0:10:11]} h5 {[%emt 0:00:34]} 23. Ng5 {[%emt 0:00:18]} Qe7 {[%emt 0:01:01]} 24. Rc1 {[%emt 0:11:30]} Nc4 {[%emt 0:09:36]} 25. a3 {[%emt 0:08:21]} Nxe3 {[%emt 0:01:39]} 26. Qxe3 {[%emt 0:01:13]} Nc6 {[%emt 0:00:20]} 27. a4 {[%emt 0:01:51]} Bc4 {[%emt 0:00:09]} 28. Ne4 {[%emt 0:00:23]} Kf8 {[%emt 0:00:47]} 29. Nf6 {[%emt 0:01:41]} Kg7 {[%emt 0:03:27]} 30. Be4 {[%emt 0:07:52]} Rac8 {[%emt 0:02:23]} 31. Bf3 {[%emt 0:00:33]} Qa7 {[%emt 0:02:26]} 32. Rd1 {[%emt 0:02:23]} Rb8 {[%emt 0:00:21]} 33. Rac1 {[%emt 0:05:24]} Rb4 {[%emt 0:00:52]} 34. Qg5 {[%emt 0:02:36]} Qe7 {[%emt 0:05:49]} 35. Bxh5 {[%emt 0:01:25]} Rxa4 {[%emt 0:00:14]} 36. h4 $18 {[%emt 0:02:19]} Bb5 {[%emt 0:01:51]} 37. Be2 {[%emt 0:02:53]} Bxe2 {[%emt 0:12:22]} 38. Rxc6 {[%emt 0:00:18]} Qb7 {[%emt 0:00:43]} 39. Rdc1 {[%emt 0:00:51]} Ra1 {[%emt 0:00:12]} 40. Nh5+ {[%emt 0:00:00]} Rxh5 {[%emt 0:00:00]} 41. Qf6+ {[%emt 0:03:53]} Kg8 {[%emt 0:02:06]} 42. Qd8+ {[%emt 0:04:16]} Kh7 {[%emt 0:00:04]} 43. Rxa1 {[%emt 0:01:54]} Qxc6 {[%emt 0:00:08]} 44. g4 {[%emt 0:00:13]} Bxg4 {[%emt 0:01:08]} 45. Rb1 {[%emt 0:00:13]} Be2 {[%emt 0:00:42]} 46. Rb8 {[%emt 0:00:40]} Qc1+ {[%emt 0:00:03]} 47. Kh2 {[%emt 0:01:17]} Qf4+ {[%emt 0:00:04]} 48. Kh3 {[%emt 0:00:06]} Qg4+ {[%emt 0:00:04]} 0-1

[Event "WYCC 2018 O16"]
[Site "Halkidiki"]
[Date "2018.10.24"]
[Round "6"]
[White "Lou, Vincent"]
[Black "Koustav Chatterjee"]
[Result "0-1"]
[WhiteElo "2155"]
[BlackElo "2344"]
[Annotator "NA"]
[PlyCount "106"]
[EventDate "2018.10.20"]
[EventType "swiss"]
[EventCountry "GRE"]
[SourceTitle "playchess.com"]
[Source "ChessBase"]
[SourceQuality "1"]
[TimeControl "40/5400+30:1800+30"]

1. d4 {[%emt 0:00:00]} Nf6 {[%emt 0:00:00]} 2. c4 {[%emt 0:00:00]} g6 {[%emt 0:00:00]} 3. Nc3 {[%emt 0:00:00]} Bg7 {[%emt 0:00:00]} 4. e4 {[%emt 0:00:00]} d6 {[%emt 0:00:00]} 5. Nf3 {[%emt 0:00:00]} O-O {[%emt 0:00:00]} 6. Be2 {[%emt 0:00:03] LiveBook: 39590 Games} e5 {[%emt 0:00:15]} 7. O-O {[%emt 0:00:08]} Nbd7 {[%emt 0:00:08]} 8. Re1 {[%emt 0:06:07]} c6 {[%emt 0:01:57]} 9. Bf1 {[%emt 0:10:06]} Qc7 {[%emt 0:01:14]} 10. Qc2 {[%emt 0:01:58] E95: Königsindisch (Klassisches System)} (10. d5 c5 11. g3 Ne8 12. Bh3 Nb6 13. Bf1 Qd8 14. a3 Bg4 15. h3 Bxf3 16. Qxf3 f5 17. b4 Rc8 18. Qd1 {½-½ (46) Sanikidze,T (2497)-Mannhart,M (2096) Batumi 2018}) 10... Re8 {[%emt 0:02:09]} 11. d5 {[%emt 0:04:37]} a5 {[%emt 0:01:55]} 12. Rb1 {[%emt 0:02:12]} Nc5 {[%emt 0:00:42]} 13. Nd2 $146 {[%emt 0:07:22]} ({Vorgänger:} 13. Be3 Ng4 14. Bxc5 dxc5 15. dxc6 bxc6 16. Na4 Bf8 17. Nd2 Rb8 18. b3 Nf6 {0-1 (38) Mista,L (2275)-Reznicek,T (2325) Czechia 2001}) 13... Bd7 {[%emt 0:04:18]} 14. b3 {[%emt 0:04:31]} Reb8 {[%emt 0:03:59]} 15. a3 {[%emt 0:02:24]} cxd5 {[%emt 0:05:14]} 16. Nxd5 {[%emt 0:03:40]} Nxd5 {[%emt 0:00:20]} 17. cxd5 {[%emt 0:00:10]} Rc8 {[%emt 0:08:24]} 18. b4 {[%emt 0:04:00]} axb4 {[%emt 0:03:38]} 19. axb4 {[%emt 0:00:05]} Na4 {[%emt 0:01:02]} 20. Qxc7 {[%emt 0:04:39]} Rxc7 {[%emt 0:01:07]} 21. Nc4 {[%emt 0:10:29]} Bf8 {[%emt 0:10:10]} 22. Ra1 {[%emt 0:07:12]} Rac8 {[%emt 0:07:25]} 23. Na5 {[%emt 0:03:06]} Nc3 {[%emt 0:04:17]} 24. Be3 {[%emt 0:07:34]} Ra8 {[%emt 0:10:12]} 25. Rac1 {[%emt 0:06:36]} Rcc8 {[%emt 0:01:20]} 26. Bd2 {[%emt 0:02:20]} Nb5 {[%emt 0:03:44]} 27. Nxb7 {[%emt 0:01:06]} Nd4 $16 {[%emt 0:00:12]} (27... Rxc1 $14 28. Rxc1 Ra2) 28. Rxc8 {[%emt 0:02:05]} Rxc8 {[%emt 0:00:09]} 29. Rc1 $2 {[%emt 0:00:29]} (29. Na5 $16 {stays on course.}) 29... Nb3 {[%emt 0:01:31]} 30. Rxc8 {[%emt 0:11:22]} Bxc8 {[%emt 0:00:07]} 31. Nxd6 {[%emt 0:00:21]} Bxd6 {[%emt 0:00:15]} 32. Bc3 {[%emt 0:00:29]} Nd4 {[%emt 0:01:13]} 33. Bd3 {[%emt 0:00:44]} Bd7 {[%emt 0:00:16]} 34. f3 {[%emt 0:00:30]} Kf8 {[%emt 0:01:16]} 35. Kf2 {[%emt 0:00:06]} Ke7 {[%emt 0:00:10]} 36. g3 {[%emt 0:00:46]} Kd8 {[%emt 0:00:28]} 37. f4 {[%emt 0:00:35]} f6 {[%emt 0:00:06]} 38. Ke3 {[%emt 0:00:32]} Nb5 {[%emt 0:00:06]} 39. Bd2 {[%emt 0:00:35]} Kc7 {[%emt 0:00:12]} 40. h4 {[%emt 0:00:00]} Kb6 {[%emt 0:00:00]} 41. Be1 {[%emt 0:09:16]} Na3 {[%emt 0:03:02]} 42. Bc3 {[%emt 0:06:17]} Bb5 {[%emt 0:01:11]} 43. Ba1 {[%emt 0:01:53]} Bxd3 {[%emt 0:03:02]} 44. Kxd3 {[%emt 0:00:06]} Kb5 {[%emt 0:00:01]} 45. Bc3 {[%emt 0:00:48]} Nc4 {[%emt 0:00:12]} 46. fxe5 {[%emt 0:01:17]} Nxe5+ {[%emt 0:02:13]} 47. Ke3 {[%emt 0:00:27]} Bxb4 {[%emt 0:00:04]} 48. Bxb4 {[%emt 0:02:19]} Kxb4 {[%emt 0:00:05]} 49. Kf4 {[%emt 0:00:09]} h5 {[%emt 0:00:38]} 50. d6 {[%emt 0:00:53]} Kc5 {[%emt 0:00:04]} 51. d7 {[%emt 0:00:08]} Nxd7 {[%emt 0:00:02]} 52. g4 {[%emt 0:00:05]} hxg4 {[%emt 0:00:03]} 53. Kxg4 {[%emt 0:00:06]} Ne5+ {[%emt 0:00:02]} 0-1